| 000 | 01015nam2a22002411 4500 | ||
|---|---|---|---|
| 001 | RU\NLR\INFOCOMM20\5000043417 | ||
| 005 | 20250617172309.0 | ||
| 035 | _a(NLR Aleph) 002847261 | ||
| 090 |
_a2984750 _c2984750 |
||
| 100 | _a20050217d2001 |||y0rusy50 ca | ||
| 101 | 0 | _arus | |
| 102 | _aRU | ||
| 105 | _ay ||||000|y | ||
| 200 | 1 | _aИнвестиционный потенциал России | |
| 210 |
_d2001 _aБ. м. |
||
| 461 | 0 |
_1001RU\NLR\INFOCOMM20\5000043358 _12001#$aЭкономические и социальные проблемы России$eПробл.-темат. сб.$fРос. акад. наук, ИНИОН$v2001, №3 _92984563 _cМ. _d1997- _fРос. акад. наук, ИНИОН _nИНИОН _oПробл.-темат. сб. _tЭкономические и социальные проблемы России _x1998-1791 _v2001, №3 |
|
| 801 | 1 |
_aRU _bInfoComm _c20050217 |
|
| 801 | 0 |
_aRU _bNLR _gPSBO |
|
| 852 |
_aNLR _jП22/6901 |
||
| 942 | _cISSUE | ||
| 980 | _aNB | ||
| 980 | _aRUSPER | ||